Gluconeogénesis - Statistics

General Stats
  • This quiz has been taken 4 times
  • The average score is 14 of 24
Answer Stats
Enzimas % Correct
Aldolasa
100%
Enolasa
100%
Fosfoenolpiruvato carboxiquinasa
100%
Fosfoglicerato mutasa
100%
Fosfoglicerato quinasa
100%
Gliceraldehído 3 fosfato deshidrogenasa
100%
Glucosa 6 fosfatasa
100%
Piruvato carboxilasa
100%
Triosa fosfato isomerasa
100%
Fosfoglucosa isomerasa
75%
{ADP}, {Pi}
50%
Fructosa 1 6 bisfosfatasa
50%
{GTP}
50%
{NADH}, {H+}
50%
{ADP}
25%
{ATP}
25%
{CO2}, {ATP}
25%
{GDP}, {CO2}
25%
{H2O}
25%
{H2O}
25%
{H2O}
25%
{NAD+}, {Pi}
25%
{Pi}
25%
{Pi}
25%
No matching quizzes found
Score Distribution
Percent of People with Each Score
Percentile by Number Answered
Your Score History
You have not taken this quiz